| 000 | 00000nam##2200000za#4500 |
| 001 | 9.648134 |
| 003 | CaOODSP |
| 005 | 20250313104923 |
| 007 | ta |
| 008 | 150407|2000||||xxc||||| f|0| 0 eng|d |
| 020 | |a0-660-18516-4 |
| 040 | |aCaOODSP|beng |
| 043 | |an-cn--- |
| 086 | 1 |aW93-20/2001E |
| 110 | 1 |aCanada. |bNational Capital Commission. |
| 245 | 12|aA capital adventure |
| 260 | |aOttawa - Ontario : |bNational Capital Commission |c2001 (copyright 2000). |
| 300 | |a141p. : |bcoloured illus. ; |c22 cm. |
| 500 | |a"The National Capital Commission presents: a discovery guide to Canada's capital region". "Featuring six walking tours and three driving routes, with maps and desriptions". |
| 520 | 3 |aThis guide is for discovering the National Capital Region, including Gatineau. It is equally useful for people visiting the region or residents who would like to enjoy its many national institutions, attractions, and landmarks. It outlines six walking tours (such as a walk through the Parliament Buildings, Supreme Court, and Bank of Canada) and three driving tours, and includes aerial maps, 500 colour photos, feature articles, and details on visitor services. Lists major events such as Canada Day and Winterlude. |
| 563 | |aSoftcover |
| 590 | |a03-39|b2003-09-26 |
| 690 | 07|aHandbooks|2gcpds |
| 690 | 07|aNational Capital|2gcpds |
| 775 | 08|tUne aventure dans la capitale |w(CaOODSP)9.681477 |